U.S. Cities by Letter - A - Statistics

General Stats
  • This quiz has been taken 119 times
  • The average score is 15 of 20
Answer Stats
Clue Answer % Correct
The capital of Texas. Austin
99%
Georgia’s capital and most populous city. Atlanta
98%
“The Duke City” is the most populous city of New Mexico. Albuquerque
95%
Home of the Disneyland Resort in California. Anaheim
93%
The most populous city of Alaska. Anchorage
93%
The home of the University of Georgia is named after a Greek city. Athens
91%
The capital of New York State. Albany
90%
The name of this Texas city means “yellow” in Spanish. Amarillo
84%
Home to the University of Michigan. Ann Arbor
80%
The fifth largest city in Ohio is home to the Goodyear Tire and Rubber Company. Akron
78%
The third most populous city in Colorado is the home of Buckley Space Force Base. Aurora
75%
The third largest city of Pennsylvania was the subject of a Billy Joel song. Allentown
74%
Home of the Six Flags Over Texas theme park. Arlington
71%
The sixth most populous city in Virginia and a suburb of Washington D.C. Alexandria
67%
The third most populous city in Georgia was named after a German princess who married into the British royal family. Augusta
66%
The second most populous city in Illinois and a Chicago suburb. Aurora
64%
This Texas city was named after a city in Kansas. Abilene
47%
Kaiser Permanente is the largest employer in this California city named after a biblical city that was the capital of ancient Syria and a center of early Christianity. Antioch
40%
Once known as “The Celery Capital of the World,” this city is a suburb of Denver, Colorado. Arvada
38%
This Texas city was named after a state politician and is a northern suburb in the Dallas-Fort Worth metroplex. Allen
32%
No matching quizzes found
Score Distribution
Percent of People with Each Score
Percentile by Number Answered
Your Score History
You have not taken this quiz